000 00479nam a22001817a 4500
003 CEME
005 20210628202009.0
008 210223b xxu||||| |||| 00| 0 eng d
020 _a0-582-99476-4
040 _c.
082 _a621.38153 MAD
100 _aMaddock, R.J Calcutt, D.M
_957788
245 _aElectronics, a course for engineers
260 _aNEW YORK
_bLONGMAN SCIENTIFIC
_c1993
300 _aVIII,477P
650 _aELECTRONIC CIRCUITS
_920195
942 _cBK
_2ddc
999 _c568042
_d568042